|
|
|
|
| LEADER |
00000nam a2200000Ia 4500 |
| 008 |
180601b2005 cr ||||| |||| 00| | spa d |
| 999 |
|
|
|c 1096
|d 1096
|
| 020 |
|
|
|a 9977-925-32-1
|
| 090 |
|
|
|a 16.01.01
|b 1421
|
| 100 |
|
|
|a Vilela de Araujo, Mirian
|9 3705
|
| 245 |
1 |
0 |
|a Aprendamos un estilo de vida sostenible con la Carta de la Tierra: para estudiantes de II Ciclo de la Educación General Básica/
|c Mirian Vilela de Araujo, Elizabeth Ramírez Ramírez, Lidia Hernández Rojas y Cristina Briceño Lobo
|
| 260 |
|
|
|a San José, C.R. :
|b Editorama,
|c 2005
|
| 300 |
|
|
|a 66 páginas;
|b ilustraciones
|
| 650 |
1 |
4 |
|a DESARROLLO SOSTENIBLE
|9 443
|
| 650 |
1 |
0 |
|a EDUCACIÓN EN VALORES
|9 719
|
| 650 |
1 |
4 |
|a EDUCACIÓN AMBIENTAL
|9 439
|
| 700 |
|
|
|a Ramírez Ramírez, Elizabeth
|9 3706
|
| 700 |
1 |
|
|a Hernández Rojas, Lidia
|9 233
|
| 700 |
|
|
|a Briceño Lobo, Cristina
|9 3707
|
| 942 |
|
|
|i 003081,003082 ,003083 ,003084
|h 16.01.01 1421
|2 z
|c 01
|